A narrative of human response to natural disaster : the eruption of Paricutin : San Juan Nuevo Parangaricutiro : memories of past years /

Bibliographic Details
Main Author: Gutiérrez, Celedonio, 1908-
Format: Book
Language:English
Spanish
Published: College Station : Texas A&M University, 1972.
Series:Environmental quality note ; 7.
Subjects:

MARC

Tag First Indicator Second Indicator Subfields
LEADER 00000cam a2200000 a 4500
001 in00000072865
005 20151008054643.0
008 721116s1972 txuab b 00010 engm
010 |a  72169006  
035 |a (OCoLC)00516525 
035 |9 AAJ1287AM 
040 |a DLC  |c DLC  |d TXA  |d UtOrBLW 
041 1 |a eng  |a spa 
043 |a n-mx--- 
049 |a TXAM  |c [1406760]  |a TXAS [tamu] 
050 0 0 |a HV555.M6  |b G8818 
082 0 |a 917.2/3 
090 |a HV555.M6  |b G8818 1972 
100 1 |a Gutiérrez, Celedonio,  |d 1908- 
245 1 2 |a A narrative of human response to natural disaster :  |b the eruption of Paricutin : San Juan Nuevo Parangaricutiro : memories of past years /  |c by Celedonio Gutirrez translated from the Spanish by Carlos Monsanto ; with introduction, annotation, glossary, and epilogue by Mary Lee Nolan. 
264 1 |a College Station :  |b Texas A&M University,  |c 1972. 
300 |a 78 leaves :  |b illustrations, maps ;  |c 28 cm. 
336 |a text  |b txt  |2 rdacontent 
337 |a unmediated  |b n  |2 rdamedia 
338 |a volume  |b nc  |2 rdacarrier 
490 1 |a Environmental quality note ;  |v 07 
504 |a Includes bibliographical references. 
650 0 |a Disaster relief. 
651 0 |a Paricutin (Volcano) 
830 0 |a Environmental quality note ;  |v 7. 
999 |a MARS 
999 f f |s e9d461a9-58bb-3d02-b005-61ee84aeb97e  |i a0c7de75-e91e-32eb-b9a5-e1e7a789a25a  |t 0 
952 f f |p ric  |a Texas A&M University  |b Rellis Campus  |c Joint Library Facility  |d Remote Storage  |t 0  |e HV555.M6 G8818  |h Library of Congress classification  |i unmediated -- volume  |m A14806145651 
952 f f |p noncirc  |a Texas A&M University  |b College Station  |c Cushing Memorial Library & Archives  |d Cushing: Texas A&M (Does not check out)  |t 0  |e HV555.M6 G8818 1972  |h Library of Congress classification  |i unmediated -- volume 
998 f f |a HV555.M6 G8818 1972  |t 0  |l Cushing: Texas A&M (Does not check out) 
998 f f |a HV555.M6 G8818  |t 0  |l Remote Storage